[Event "Eurasia Open Cup 2019"]
[Site "Ekaterinburg"]
[Date "2019.08.09"]
[Round "9.31"]
[White "Bublei, Pavel"]
[Black "Pogorelskikh, Sofia"]
[Result "1-0"]
[WhiteElo "2353"]
[BlackElo "2189"]
[Annotator "TA"]
[PlyCount "105"]
[EventDate "2019.07.31"]
[EventType "swiss"]
[EventCountry "RUS"]
[SourceTitle "playchess.com"]
[Source "ChessBase"]
[SourceQuality "1"]

{[%evp 14,105,53,51,46,39,40,45,47,39,65,49,60,57,77,60,75,81,77,48,50,-16,-18,-16,0,-10,0,-50,-50,-50,-58,-35,-31,-65,-51,-52,-38,-31,0,0,0,0,8,8,8,9,10,10,26,18,19,12,22,15,41,21,41,35,37,37,50,52,45,37,38,31,38,38,54,53,45,49,56,38,41,45,62,63,88,88,94,66,107,99,164,171,621,622,620,611,585,566,29995,29996]} 1. d4 Nf6 2. c4 g6 3. Nc3 Bg7 4. e4 d6 5. f3 O-O 6. Be3 b6 7. Nge2 c5 8. d5 e6 {E82: King's Indian: Sämisch: 6...b6} 9. Nf4 (9. Ng3 exd5 10. cxd5 Ba6 11. Be2 Bxe2 12. Qxe2 a6 13. O-O b5 14. e5 dxe5 15. Bxc5 Re8 16. Rad1 {½-½ (44) Gunina,V (2497)-Grischuk,A (2752) Cheliabinsk 2016}) 9... exd5 10. Ncxd5 Nc6 {White is slightly better.} 11. Nc3 Nd4 $146 ({Predecessor:} 11... Bb7 12. Qd2 Qe7 13. O-O-O Rad8 14. Kb1 Ne5 15. h3 a6 16. Be2 {0-1 (32) Egorov,V (1966)-Nichols,S (2244) LSS email 2011}) 12. Nfe2 ({Of course not} 12. Bxd4 $6 cxd4 13. Ncd5 (13. Qxd4 $2 Nxe4 14. Qxe4 Re8 $19) 13... Nxd5 $15) 12... Nxe2 13. Bxe2 Be6 14. O-O Re8 15. Qd2 Nd7 16. Nb5 Ne5 17. Rac1 ({White should try} 17. Bg5 $14 f6 18. Be3) 17... a6 $11 18. Na3 Nc6 19. Bg5 Qd7 20. Nc2 Bxb2 21. Rb1 Bg7 22. Rxb6 Reb8 23. Rfb1 Qc7 24. R6b3 Rxb3 25. axb3 Nd4 26. Nxd4 Bxd4+ 27. Be3 Bxe3+ 28. Qxe3 a5 29. Ra1 Bd7 30. Bd1 Bc6 31. Qc3 Qd8 32. Ra2 Ra7 33. Rd2 Rd7 34. g3 f6 35. Bc2 Kf7 36. Rd1 Qa8 37. Ra1 Ra7 38. Qd2 Qd8 39. Kf2 Kg7 40. Kg2 Kf7 41. h4 Kg7 42. Rd1 Rd7 43. Rh1 h5 44. Rd1 Qa8 45. Ra1 Qd8 46. Rxa5 Qe7 47. Bd3 Qe5 48. b4 $36 {[%cal Bb3b4,Bb4b5,Bb5c6][%mdl 2080] Black is under strong pressure.} Qd4 (48... Bb7 $16 {was necessary.}) 49. b5 $18 Rb7 $2 (49... Bb7 50. Ra3 Re7) 50. bxc6 Rb2 51. Ra7+ Kf8 52. Kh3 {[#] White threatens Qh6+ and mate.} ({Worse is} 52. Ra8+ Ke7 $11) 52... Ke8 53. Qh6 {Accuracy: White = 50%, Black = 48%.} 1-0

[Event "Eurasia Open Cup 2019"]
[Site "Ekaterinburg"]
[Date "2019.08.09"]
[Round "9.32"]
[White "Ovchinnikov, Vsevolod"]
[Black "Miroshnik, Ekaterina"]
[Result "1-0"]
[WhiteElo "2346"]
[BlackElo "2103"]
[Annotator "TA"]
[PlyCount "105"]
[EventDate "2019.07.31"]
[EventType "swiss"]
[EventCountry "RUS"]
[SourceTitle "playchess.com"]
[Source "ChessBase"]
[SourceQuality "1"]

{[%evp 14,105,26,5,27,3,42,16,10,8,14,0,0,0,0,0,5,0,26,15,13,6,66,72,133,129,123,110,125,92,110,84,153,168,177,191,212,166,355,356,446,77,108,95,105,109,142,75,74,69,62,68,72,69,69,47,103,68,160,171,259,244,282,282,272,256,259,259,222,222,333,319,606,628,1108,995,29966,29966,29968,29969,29971,29973,29980,29981,29981,29982,29982,29983,29983,29984,29984,29985,29985,29986]} 1. d4 d5 2. c4 e6 3. Nf3 Nf6 4. g3 dxc4 5. Bg2 Bd7 6. Ne5 Bc6 7. Nxc6 Nxc6 8. e3 Qd7 {E04: Open Catalan: 5 Nf3} (8... Bb4+ 9. Nd2 e5 10. O-O Bxd2 11. Bxd2 exd4 12. Rc1 O-O 13. Rxc4 Nd5 14. exd4 Qd7 15. Bg5 h6 16. Rc5 {½-½ (26) Wojtaszek,R (2722)-Vitiugov,N (2726) Prague 2019}) 9. O-O O-O-O 10. Qa4 Nd5 {The position is equal.} 11. Qxc4 h5 12. Nc3 h4 $146 ({Predecessor:} 12... f5 13. Rd1 h4 14. Qe2 hxg3 {0-1 (56) Tokarczyk,T (2220)-Sabuk,P (2381) Police 2017}) 13. Rd1 hxg3 14. hxg3 f5 15. Qe2 Bb4 16. Bd2 Be7 17. Rab1 g5 (17... Kb8 $11) 18. b4 $1 $14 {[%cal Bb2b4,Bb4b5][%mdl 32]} Bf6 (18... Bd6 $142) 19. Nxd5 $16 exd5 20. b5 Ne7 21. Rdc1 Kb8 22. Rb3 f4 (22... Nc8 $142) 23. exf4 Nf5 24. Qd3 $1 Nxd4 25. Rb4 gxf4 $2 (25... Ne6) 26. b6 $18 ({Weaker is} 26. Rxd4 Bxd4 27. Qxd4 fxg3 $16) ({Not} 26. Bxf4 Ne6 $16) 26... axb6 {And now ...fxg3 would win.} 27. Rxd4 $2 (27. Bxf4 $18 {is the precise move to win.} Ne6 28. Rxb6) 27... Bxd4 28. Qxd4 fxg3 29. fxg3 {Black must now prevent Bf4.} ({Don't play} 29. Bf4 $6 gxf2+ 30. Qxf2 Rc8 $11) 29... Qe6 30. Bf4 ({Better is} 30. Bg5) 30... Rh7 $16 31. Rb1 {[%mdl 1024] White has strong compensation.} Rf7 32. a4 Qc6 33. Rc1 Qe6 34. Bf3 Qf5 (34... Rg8 $14) 35. Re1 Qd7 (35... Qg6 $14) 36. Re5 {[%cal Re5d5]} Qh3 (36... Rf5 {was worth a try.} 37. Bg4 Rxf4 38. Qxf4 Qd6) 37. Rxd5 $40 {[%mdl 128] White attacks with force.} Rfd7 38. Rxd7 Qxd7 39. Qxb6 $1 {[%csl Gf3][%cal Rb6b7]} Qd4+ 40. Qxd4 Rxd4 41. a5 Ra4 {[#]} (41... Kc8 $142 42. Kf2 Ra4) 42. Bd2 $1 Ra2 $2 (42... b6 43. axb6 Ra6) 43. Be1 c5 44. g4 c4 {[#]} 45. g5 $1 {[%cal Rg5g6] White mates.} Ra1 46. Kf2 Ra2+ 47. Be2 c3 48. Bxc3 Rc2 49. Be5+ Ka7 50. g6 Rc6 51. g7 Rg6 52. Bd4+ Kb8 53. Bc4 {Accuracy: White = 67%, Black = 28%.} 1-0

[Event "Eurasia Open Cup 2019"]
[Site "Ekaterinburg"]
[Date "2019.08.09"]
[Round "9.33"]
[White "Yangutov, Aleksey"]
[Black "Inozemtsev, Sergei"]
[Result "1-0"]
[WhiteElo "2157"]
[BlackElo "2295"]
[Annotator "TA"]
[PlyCount "111"]
[EventDate "2019.07.31"]
[EventType "swiss"]
[EventCountry "RUS"]
[SourceTitle "playchess.com"]
[Source "ChessBase"]
[SourceQuality "1"]

{[%evp 12,111,8,2,31,32,33,21,45,-10,37,47,45,15,59,50,71,50,46,46,54,44,40,32,48,24,25,31,26,28,34,0,20,-40,-37,-32,-30,-31,0,0,0,0,0,0,647,644,764,451,438,438,438,397,387,354,313,251,249,213,470,463,556,558,681,684,757,766,676,508,704,668,606,559,556,541,695,690,811,806,731,801,1158,1139,1667,1069,29980,4947,29981,29982,29982,29983,29984,29985,29985,29986,29988,29989,29989,29990,29990,29991,29991,29992]} 1. d4 e6 2. c4 Nf6 3. g3 d5 4. Nf3 Bb4+ 5. Bd2 Be7 6. Bg2 O-O 7. O-O a6 {E11: Bogo-Indian} (7... Nbd7 8. Qb3 Nb6 9. c5 Nc4 10. Qc2 b6 11. c6 a5 12. Bf4 Ba6 13. Rd1 h6 14. Ne5 Qe8 15. a4 Nxe5 16. dxe5 {1-0 (33) Ding,L (2805)-Karjakin,S (2752) Cupar 2019}) 8. Qc2 Nbd7 9. Bf4 c6 {The position is equal.} 10. Nc3 ({White should play} 10. b3 $14) 10... b5 11. b3 Bb7 12. Rfd1 Qa5 13. a3 $146 ({Predecessor:} 13. c5) 13... Rfc8 14. c5 Qd8 15. b4 a5 16. Rab1 axb4 17. axb4 Ra6 18. h3 Rca8 19. g4 Nf8 20. Bg3 Bc8 21. Nd2 Bd7 22. e4 (22. f4 $11) 22... dxe4 $15 23. Ndxe4 Nd5 24. Nd6 Be8 25. Re1 Ng6 26. Nxd5 exd5 27. Qf5 Nh8 $2 {[%mdl 8192] [#]} (27... Bxd6 $11 28. cxd6 (28. Bxd6 Bd7 $15) 28... Bd7) 28. Nb7 $1 $18 {[%cal Rb7d8]} g6 29. Nxd8 gxf5 30. Rxe7 Rxd8 31. Rbe1 Raa8 32. gxf5 Bd7 33. h4 Bxf5 34. h5 f6 $2 {[#]} (34... Bg4 35. Bh4 Kg7) 35. Bh4 $1 Rf8 36. Rc7 Rac8 {[#]} 37. Rxc6 $1 {[%mdl 512]} Kg7 (37... Rxc6 38. Bxd5+) 38. Re7+ Kh6 39. Rxf6+ Rxf6 40. Bxf6 Kxh5 41. Bxh8 Rxh8 42. Bxd5 {[%mdl 4096] Endgame KRB-KRB} Rd8 43. Bf3+ Kg5 44. d5 Kf4 45. Bg2 Rg8 46. Kh2 Ra8 47. d6 Ra2 48. d7 (48. Rf7 $142 Rd2 49. Bh3 Kg5 50. Rxf5+ Kg6 51. Rf3 Ra2 52. d7 Ra8 53. c6) 48... Rd2 49. c6 {White mates.} Bxd7 50. Rxd7 {KRB-KR} Rc2 51. c7 Ke5 52. Bb7 Rxf2+ {[#]} 53. Kg3 $1 Rc2 54. Rd5+ Ke6 55. Rc5 Rxc5 56. bxc5 {Accuracy: White = 59%, Black = 40%.} 1-0

[Event "Eurasia Open Cup 2019"]
[Site "Ekaterinburg"]
[Date "2019.08.09"]
[Round "9.34"]
[White "Matsenko, Andrei"]
[Black "Zharkov, Nikolay"]
[Result "0-1"]
[WhiteElo "2293"]
[BlackElo "2067"]
[Annotator "TA"]
[PlyCount "120"]
[EventDate "2019.07.31"]
[EventType "swiss"]
[EventCountry "RUS"]
[SourceTitle "playchess.com"]
[Source "ChessBase"]
[SourceQuality "1"]

{[%evp 21,120,2,7,0,0,-12,8,-4,0,-5,33,0,0,-10,-12,-54,-47,-45,-49,-92,-56,-67,-51,-47,-46,-150,-83,-70,-67,-143,-137,-139,-150,-144,-140,-132,-136,-184,-106,-371,-349,-360,-357,-336,-320,-316,-299,-262,-190,-405,-405,-382,-345,-812,-791,-783,0,-791,-776,-769,-683,-719,0,0,0,0,0,-6266,-6266,-6175,-6187,-6155,-6175,-6151,-6151,-6000,-6080,-6111,-5902,-1801,-1606,-5861,-5732,-5123,-5123,-6275,-6266,-2747,-2581,-5902,-7032,-29974,-29977,-29979,-29981,-29982,-29983,-29983,-29984,-29983,-29984]} 1. e4 c5 2. Nf3 d6 3. d4 cxd4 4. Qxd4 Nc6 5. Bb5 Bd7 6. Bxc6 Bxc6 7. c4 Nf6 8. Nc3 g6 9. O-O Bg7 10. Qd3 O-O 11. Nd4 Qb6 12. Nxc6 {B53: Sicilian: 2...d6: Lines with Qxd4} (12. Rd1 Nd7 13. b3 Nc5 14. Qe3 a5 15. Rb1 a4 16. b4 Ne6 17. Nxc6 Qxc6 18. Nd5 Rfe8 19. Bb2 Bxb2 20. Rxb2 {1-0 (33) Romanov,E (2621)-Tran,T (2522) Moscow 2018}) 12... bxc6 13. Rb1 Rfd8 $146 ({Predecessor:} 13... Nd7 14. Be3 Qb4 15. Bd4 Ne5 16. Bxe5 Bxe5 17. Nd1 Rab8 18. b3 a5 19. Ne3 Qc5 {½-½ (41) Kunze,K (2143)-Madl,I (2435) Germany 1999}) 14. b4 {The position is equal.} Rac8 15. h3 e6 16. Be3 Qa6 17. Rfd1 Nd7 18. f4 Nb6 19. Bxb6 axb6 20. f5 Be5 21. Rb3 Qa7 22. Kh1 Qe7 23. Ne2 ({White should try} 23. Rf1 $15) 23... exf5 ({Black should play} 23... d5 $1 {[%cal Rd5c4]} 24. cxd5 exf5 25. exf5 Rxd5) 24. exf5 $17 d5 25. cxd5 (25. Rf1 $15) 25... Rxd5 26. Qc2 {Hoping for Rxd5.} Rxd1+ 27. Qxd1 Bc7 28. fxg6 hxg6 29. Ng3 Re8 $40 {[%mdl 128] Black attacks with force.} (29... Rd8 $19 30. Qc1 Rd4) 30. Qg4 $2 {[%mdl 8192]} (30. Nf1 $17 {might work better.}) 30... Qd6 31. Kh2 Re1 32. h4 f5 33. Qg5 Bd8 34. Qh6 Re7 {...Rh7 is the strong threat.} 35. Re3 $2 (35. h5 Rh7 36. Qe3) 35... Rxe3 $19 36. Qxe3 Bxh4 37. Kh3 $2 (37. a4 Qxb4 38. Ne2) 37... Bxg3 38. Qxg3 Qxg3+ 39. Kxg3 {[%mdl 4096] Endgame [#] aiming for a4. KP-KP} b5 $1 40. Kf4 Kf7 41. Ke5 {[#] intending Kd6.} Ke7 $2 ({Better is} 41... Kg7 $1 $19 {[%cal Rg7h6]} 42. g3 Kf7) 42. a3 $11 Kf7 {Threatens to win with ...Ke7.} (42... Kd7 $5 43. Kf6 $8 f4 $11) 43. Kd6 g5 (43... f4 $5 44. Ke5 $8 (44. Kxc6 $2 g5 $19) 44... Ke7 $11) 44. Kxc6 $2 {[%mdl 8192] K3P-K3P} (44. Ke5 $11 Kg6 45. g3) 44... g4 $19 45. a4 bxa4 {K3P-KPP} 46. b5 a3 47. b6 a2 48. b7 a1=Q 49. b8=Q {KQ-KQ} Qa4+ 50. Kc5 Qc2+ {[%mdl 64] Double Attack} 51. Kd4 Qe4+ 52. Kc5 Qxg2 53. Qc7+ Kg6 {( -> ...Qc2+)} 54. Qd6+ Kh5 55. Qf6 Qc2+ 56. Kd5 Qe4+ {Black mates.} 57. Kc5 g3 58. Qf7+ Kg4 59. Qg6+ Kf3 60. Qh5+ Kf2 {Accuracy: White = 29%, Black = 80%.} 0-1

[Event "Eurasia Open Cup 2019"]
[Site "Ekaterinburg"]
[Date "2019.08.09"]
[Round "9.35"]
[White "Nosacheva, Mariya"]
[Black "Semenova, Elena"]
[Result "1/2-1/2"]
[WhiteElo "2150"]
[BlackElo "2286"]
[Annotator "TA"]
[PlyCount "111"]
[EventDate "2019.07.31"]
[EventType "swiss"]
[EventCountry "RUS"]
[SourceTitle "playchess.com"]
[Source "ChessBase"]
[SourceQuality "1"]

{[%evp 9,111,-29,-6,-18,-4,-6,-3,-10,-8,-13,-18,-24,0,0,40,36,36,27,28,24,31,6,13,0,0,14,26,0,0,0,-13,-29,30,0,0,0,0,0,79,84,78,75,97,-15,-10,-15,-9,-10,-7,-8,-6,-56,-9,-6,38,7,177,178,180,182,184,187,356,338,345,345,324,313,361,361,510,487,623,502,5185,5189,29986,675,436,0,29986,29987,29987,29988,29988,29989,29989,29970,29971,29973,29972,29973,29974,29971,29971,29972,29971,29972,29976,29976,29975,29974,29973,29973]} 1. Nf3 d5 2. c4 d4 3. b4 c5 4. g3 cxb4 5. a3 b3 (5... e6 6. Bg2 Nc6 7. O-O a5 8. axb4 Bxb4 9. Ne1 Nge7 10. Nd3 O-O 11. Nxb4 Nxb4 12. Ba3 Ra6 13. d3 {½-½ (27) Svidler,P (2737)-Vitiugov,N (2719) St Petersburg 2018}) 6. Qxb3 {A09: Réti Opening: 1 Nf3 d5 2 c4} Nc6 7. Bg2 e5 8. d3 {The position is equal.} Nf6 9. O-O Be7 10. a4 O-O 11. Ba3 Nd7 $146 ({Predecessor:} 11... Rb8 12. Nbd2 h6 13. Rab1 {½-½ (37) Marotz,H (2340)-Rawlings,A (2236) ICCF email 2009}) 12. Bxe7 Qxe7 13. a5 Nc5 14. Qa3 Bg4 15. Nfd2 {Strongly threatening Bxc6.} Rac8 16. Re1 f5 17. Nb3 Nxb3 18. Qxb3 (18. Bxc6 $5 Nc5 19. Bd5+ Kh8 20. Nd2 $11) 18... e4 19. a6 bxa6 20. Na3 {[%cal Bb1a3,Ba3c2,Bc2b4,Bb4d5][%mdl 32]} Na5 ({Better is} 20... Bh5) 21. Qa4 Nb7 {[%cal Ba5b7,Bb7c5,Bc5b3][%mdl 32]} 22. Nc2 Nc5 23. Qa3 Qd7 (23... Qf6 $11 {remains equal.}) 24. Nb4 $1 $16 a5 25. Qxa5 f4 26. dxe4 ({White should try} 26. Bxe4 $16 Nxe4 27. dxe4) 26... Nb3 $36 {[%mdl 2048] White is under pressure.} 27. Qxa7 Nxa1 28. Qxa1 Rxc4 29. Nd5 fxg3 30. hxg3 {With the idea Nb6.} (30. f3 $5 {[%cal Rd5b6]} Be6 31. Nb6 gxh2+ 32. Kh1 $15) 30... Qf7 31. Nf4 Rfc8 32. e5 $1 {And now Bd5 would win.} Be6 $2 {[#]} (32... Rd8 $11 {and Black stays safe.}) 33. Qa6 $1 $18 Rc1 {[#]} 34. Rxc1 $1 Rxc1+ 35. Kh2 Bc4 $2 (35... Bb3) 36. Qc8+ Qf8 37. Bd5+ Bxd5 {[%csl Gd5][%cal Rc1h1]} 38. Qxc1 Qd8 39. e6 Be4 (39... Bb7 {is a better defense.} 40. Qc5 Qe8) 40. Qc5 h6 41. Qa7 {Threatening mate with Qf7+.} Bc6 (41... Qe8 $142 42. Qxd4 Bb7) 42. Qf7+ Kh7 43. Qf5+ (43. Nh5 $142 Qg5 44. f4 Qg6 45. f5 Qg5 46. f6 Qg4 47. Nf4 Bb5 48. fxg7 {[%mdl 64] Overworked Piece} Qxg7 49. Qf5+ {[%mdl 64] Double Attack} Kh8 50. Qxb5) 43... Kg8 44. Qf7+ (44. Ng6 $18) 44... Kh7 $1 45. Nh5 {[%csl Gh5][%cal Rf7g7] White mates.} Qg5 46. f4 Qg6 47. f5 Qg5 48. f6 Qg4 49. Qxg7+ Qxg7 50. Nxg7 {[%mdl 4096] Endgame KB-KN} Kg6 51. e7 Kxf6 52. e8=Q Bxe8 53. Nxe8+ Ke5 54. Kg2 Ke4 55. Kf2 Kf5 56. Kf3 {[%mdl 32768] Accuracy: White = 74%, Black = 32%. . An unexpected result.} 1/2-1/2

[Event "Eurasia Open Cup 2019"]
[Site "Ekaterinburg"]
[Date "2019.08.09"]
[Round "9.36"]
[White "Averyanov, Grigori"]
[Black "Mamatov, Melis"]
[Result "0-1"]
[WhiteElo "2131"]
[BlackElo "2269"]
[Annotator "TA"]
[PlyCount "118"]
[EventDate "2019.07.31"]
[EventType "swiss"]
[EventCountry "RUS"]
[SourceTitle "playchess.com"]
[Source "ChessBase"]
[SourceQuality "1"]

{[%evp 21,118,0,12,8,12,5,12,13,25,-4,31,28,26,-17,-15,-19,-28,-32,-11,-8,0,-35,0,0,0,-12,-8,-10,-13,-8,-12,-121,-113,-182,-100,-211,-204,-211,-111,-103,0,-202,-195,-198,0,-35,0,-102,0,-257,-240,-298,-306,-307,-296,-300,-303,-287,-297,-302,-304,-295,-284,-403,-403,-441,-439,-490,-495,-514,-505,-495,-491,-569,-563,-547,-558,-616,-598,-1027,-1025,-1029,-1029,-1029,-1019,-1002,-999,-955,-886,-1011,-863,-915,-835,-1304,-850,-1398,-1405,-1204,-1168]} 1. Nf3 d5 2. d4 Nf6 3. c4 c6 4. Qc2 e6 5. Bg5 h6 6. Bxf6 Qxf6 7. Nc3 Nd7 8. cxd5 exd5 9. e3 g6 10. Bd3 Bg7 11. O-O O-O 12. b4 {D43: Semi-Slav: 5 Bg5 h6} (12. Rab1 a5 13. h3 Qd6 14. Rfc1 Nb6 15. Qb3 Qb4 16. Nd2 Nd7 17. Qc2 Rd8 18. Na4 Bf8 19. Nf3 Qd6 {½-½ (47) Stern,R (2521)-Rodshtein,M (2687) Germany 2016}) 12... Qd6 13. Qb3 Nb6 14. b5 {The position is equal.} Bg4 15. Nd2 $146 ({Predecessor:} 15. bxc6 bxc6 16. Na4 Bxf3 17. gxf3 {1-0 (41) Turna,S (2185)-Lisko,F (2320) Slovakia 1999}) 15... Rfd8 16. bxc6 bxc6 17. Rfc1 c5 18. dxc5 Qxc5 19. Rab1 Qe7 20. Nb5 Rac8 21. a4 Be6 {...d4 is the strong threat.} 22. Rxc8 Nxc8 23. Qc2 Nb6 24. Nf3 Rc8 $36 {[%mdl 2048] White is under pressure.} 25. Qd1 Bg4 26. a5 (26. h3 $11 {remains equal.} Bxf3 27. Qxf3) 26... Nc4 $17 {Hoping for ...Nb2.} 27. Be2 (27. Rc1 $17) 27... Qc5 (27... Bf5 $19 28. Rb3 Nxa5) 28. a6 (28. Nbd4 $17) 28... Bf5 $19 29. Rb3 Nb2 (29... Na5 $1 $19 {Strongly threatening ...Bc2.} 30. Ra3 Bc2) 30. Qd2 $17 Nc4 (30... Qc1+ $1 $17 31. Bf1 Rc2 32. Qxc1 Rxc1 33. Nxa7 Bd3 $1 {[%mdl 512]} 34. Rxd3 Nxd3) 31. Qd1 $19 Na5 $1 32. Ra3 Nc4 $2 (32... Bc2 $1 $19 {[%cal Rc2d1]} 33. Qe1 Nc4 34. Bxc4 dxc4) 33. Rb3 $15 Nb2 (33... Bd7 $15 34. Nfd4 Bxd4 35. exd4 Qb6) 34. Qd2 $1 $17 Bc2 (34... Qc1+ $1 $17 35. Bf1 Rc2 36. Qxc1 Rxc1 37. Nxa7 Bd3 $1 {[%mdl 512]} 38. Rxd3 Nxd3) 35. Ra3 $2 {[%mdl 8192]} (35. Nxa7 $1 $11 {and White has nothing to worry.} Qxa7 36. Rb7) 35... Ba4 $19 36. Qa5 Bxb5 $1 37. Bxb5 Qc1+ 38. Qe1 {[#]} Qxe1+ $1 39. Nxe1 Rc1 40. Kf1 {intending Ke2.} Bc3 41. Rxc3 Rxc3 {[%mdl 4096] Endgame KRN-KBN} 42. Ke2 (42. Nf3 {is a better defense.}) 42... Rc5 43. Bd7 Kf8 {Black is clearly winning.} 44. Kd2 Nc4+ 45. Kd1 Ra5 46. Nc2 Rxa6 47. Bb5 Rb6 48. Nd4 Nd6 49. Bc6 Nf5 50. Bxd5 Nxd4 51. exd4 {KR-KB} Rd6 52. Bb3 Rxd4+ 53. Kc2 a5 54. Kc3 Rb4 55. Bc2 Kg7 56. Bb3 Kf6 57. h3 h5 58. Ba2 Rf4 59. f3 h4 {Accuracy: White = 38%, Black = 58%.} 0-1

[Event "Eurasia Open Cup 2019"]
[Site "Ekaterinburg"]
[Date "2019.08.09"]
[Round "9.37"]
[White "Tyurin, Ilya"]
[Black "Manakova, Maria"]
[Result "0-1"]
[WhiteElo "2168"]
[BlackElo "2237"]
[Annotator "TA"]
[PlyCount "66"]
[EventDate "2019.07.31"]
[EventType "swiss"]
[EventCountry "RUS"]
[SourceTitle "playchess.com"]
[Source "ChessBase"]
[SourceQuality "1"]

{[%evp 17,66,22,20,6,18,16,45,17,22,15,13,0,0,0,0,0,16,16,18,16,15,16,21,-31,-36,-25,107,27,43,10,24,-100,-89,-107,-107,-314,-314,-312,-298,-475,-464,-442,-355,-1062,-1058,-1910,-1903,-29987,-29988,-29997,-29998]} 1. d4 Nf6 2. Nf3 e6 3. c4 b6 4. a3 Bb7 5. Nc3 d5 6. cxd5 exd5 7. Bf4 Be7 8. e3 O-O 9. Bd3 c5 10. Ne5 {E12: Queen's Indian: Unusual White 4th moves, 4 a3, 4 Nc3 Bb7 5 a3 and 4 Nc3 Bb7} (10. h3 Nbd7 11. O-O Ne4 12. Qc2 Rc8 13. Rfd1 Ndf6 14. dxc5 Nxc3 15. bxc3 Rxc5 16. Be5 g6 17. a4 Nd7 {½-½ (54) Moiseenko,A (2663)-Neverov,V (2498) Gjakova 2016}) 10... Nbd7 11. O-O a6 $146 ({Predecessor:} 11... cxd4 12. exd4 Ne4 13. Re1 Nxe5 14. Bxe5 Nxc3 15. bxc3 Bd6 16. Qh5 g6 17. Qh6 Bxe5 18. dxe5 {0-1 (43) Browne,W (2555)-Kudrin,S (2425) South Bend 1981}) 12. Bf5 {White is slightly better.} g6 13. Bh3 Nxe5 14. Bxe5 Nd7 15. Bxd7 Qxd7 16. Na4 Qc6 17. Qb3 $1 Bd8 18. dxc5 $1 {[%cal Ra4b6]} d4 $1 {[%csl Gb7][%cal Rc6g2]} 19. f3 dxe3 {...b5 is the strong threat.} 20. Nxb6 (20. Bd6 $11 e2 21. Rfe1) 20... e2 $15 21. Rf2 Be7 (21... Re8 $1 $11 22. Nxa8 Rxe5) 22. Na4 (22. Nxa8 $16 {And now Bd4 would win.} Qxc5 23. Bf4 (23. Qxb7 Rd8 $17)) 22... Rfe8 {Strongly threatening ...Qb5.} 23. Re1 Qb5 24. Qb4 {[#]} (24. Qxb5 $11 axb5 25. Rfxe2) 24... Bc6 $1 $36 {[%mdl 2048] Black is in control.} 25. b3 Bf8 26. Qc3 $2 {[#]} ({Not} 26. Rexe2 $2 {[#]} f6 $1 $19 {[%mdl 512]}) (26. Bd6 $17) 26... Rxe5 $1 $19 {[%mdl 576] Deflection} 27. Qxe5 Qxb3 28. Nb6 (28. Rfxe2 {was necessary.} Bxa4 29. Re3) 28... Re8 29. Qd4 Qb5 30. Nd5 $2 (30. Na4 Qxa4 31. Qxa4 Bxa4 32. Rfxe2 Bxc5+ 33. Kh1) 30... Bxd5 $1 31. Qxd5 Bxc5 {[%mdl 64] ( -> ...Qa5!). Double Attack} 32. Qd2 Qb6 33. Rexe2 Qb1+ {Accuracy: White = 29%, Black = 49%.} 0-1